Sweet Disposition - The Temper Trap - All Lyrics - Statistics

General Stats
  • This quiz has been taken 34 times
  • The average score is 169 of 231
Answer Stats
Answer % Correct
A
100%
a
100%
(A
100%
dream,
100%
kiss,
100%
moment,
100%
disposition
91%
love,
91%
love)
91%
Sweet
91%
Oh,
82%
you
82%
cry,
73%
I
73%
it
73%
stay
73%
Stay
73%
there
73%
aloud
64%
no
64%
so
64%
to
64%
be
55%
'Cause
55%
comin'
55%
I'll
55%
It's
55%
it's
55%
our
55%
over
55%
rights,
55%
stop
55%
surrender
55%
'til
55%
won't
55%
Won't
55%
wrongs
55%
wrongs)
55%
And
45%
Just
45%
of
45%
one's
45%
too
45%
watching
45%
while
45%
for
36%
reckless
36%
soon
36%
still
36%
young
36%
young,
36%
abandon
27%
blood's
27%
Like
27%
played
27%
runs
27%
Never
18%
them
18%
desperation
9%
Songs
9%
No matching quizzes found
Score Distribution
Percent of People with Each Score
Percentile by Number Answered
Your Score History
You have not taken this quiz